Aus der Sicht der privaten Banken. Die Postbank.

Problém rozsahu aktivity nemeckej spolkovej pošty v oblasti bankových aktivít (platobný styk, vklady..). Aktivity poštovej banky z hľadiska uspokojovania potrieb v hustej sieti pracovísk bánk a návrh na privatizáciu nemeckej pošty. Poštové banky, konkurencia a trhové princípy. Možnosti presunov na k...

Description complète

Enregistré dans:
Détails bibliographiques
Auteur principal: Hellner, T.
Format: Chapitre de livre
Langue:allemand
Sujets:
Tags: Ajouter un tag
Pas de tags, Soyez le premier à ajouter un tag!

MARC

LEADER 00000naa a2200000 4500
001 r008970
005 20221208123420.0
041 0 |a ger 
044 |a DE 
245 1 0 |a Aus der Sicht der privaten Banken. Die Postbank.  |c T. Hellner 
520 |a Problém rozsahu aktivity nemeckej spolkovej pošty v oblasti bankových aktivít (platobný styk, vklady..). Aktivity poštovej banky z hľadiska uspokojovania potrieb v hustej sieti pracovísk bánk a návrh na privatizáciu nemeckej pošty. Poštové banky, konkurencia a trhové princípy. Možnosti presunov na kontá. 
610 2 0 |a sporiteľne poštové 
610 2 0 |a banky 
610 2 0 |a styk platobný 
610 2 0 |a vklady 
610 2 0 |a Nemecko 
610 2 0 |a privatizácia 
610 2 0 |a konkurencia 
610 2 0 |a mechanizmus trhový 
100 1 |a Hellner, T.